Armstrong's Handbook of Human Resource Management Practice (Record no. 3522)

MARC details
005 - DATE AND TIME OF LATEST TRANSACTION
control field 20250610143945.0
020 ## - INTERNATIONAL STANDARD BOOK NUMBER
International Standard Book Number 978-0-7494-5242-1
082 ## - DEWEY DECIMAL CLASSIFICATION NUMBER
Classification number LECT 658.3 ARM
100 ## - MAIN ENTRY--PERSONAL NAME
Author name ARMSTRONG, M .
245 ## - TITLE STATEMENT
Title Armstrong's Handbook of Human Resource Management Practice
250 ## - EDITION STATEMENT
Edition statement 11th Ed.
260 ## - PUBLICATION, DISTRIBUTION, ETC.
Place of publication, distribution, etc. London,
Name of publisher, distributor, etc. Kogan Page,
Date of publication, distribution, etc. 2009.
300 ## - PHYSICAL DESCRIPTION
Extent xxvi, 1062p.: ill.; figure, table,
Other physical details References & index,
Dimensions 24cm.
856 ## - ELECTRONIC LOCATION AND ACCESS
Link text Access Online Book
Electronic name Human Resource Management
Path www.kogapage.com
942 ## - ADDED ENTRY ELEMENTS (KOHA)
Source of classification or shelving scheme Dewey Decimal Classification
Koha item type Books
Holdings
Date last seen Total checkouts Full call number Barcode Cost, replacement price Price effective from Koha item type Lost status Source of classification or shelving scheme Damaged status Not for loan Withdrawn status Home library Current library Shelving location Date acquired Cost, normal purchase price
06/09/2025   LECT 658.3 ARM 00000011729 195000.00 06/09/2025 Books   Dewey Decimal Classification       College of Business Education Main Library College of Business Education Main Library General Collection 10/27/2005 65000.00
06/10/2025   LECT 658.3 ARM 00000012509 195000.00 06/10/2025 Books   Dewey Decimal Classification       College of Business Education Main Library College of Business Education Main Library General Collection 10/27/2005 65000.00